000 00381nam a22001577a 4500
005 20160905174538.0
008 160905b xxu||||| |||| 00| 0 eng d
020 _a978-93-5260-185-1
041 _aeng
100 _aULRICH,KARL.T
_93524
245 _aPRODUCT DESIGN AND DEVELOPMENT
260 _bTMH
_c2016
300 _a404
650 _aINFORMATION TECHNOLOGY
_9137
942 _cBK
999 _c5224
_d5222